Missing Word: Films About Writers Quiz Stats

 Plays Quiz Updated Jul 6, 2016

Challenge
Share
Tweet
Embed
Score 0/24 Timer 05:00
0 Plays Today
Title Missing Word % Correct
As ____ as It GetsGood
96.3%
The ____ According to GarpWorld
92.9%
____ Blvd.Sunset
89%
Stranger Than ____Fiction
87.2%
A Man For All ____Seasons
85.6%
Barton ____Fink
74%
____ ForresterFinding
72.8%
Prick Up Your ____Ears
63.7%
____ LunchNaked
51.3%
____ in ParisMidnight
51.2%
Mishimi: A Life in ____ ChaptersFour
50.1%
The Ghost ____Writer
47.8%
Title Missing Word % Correct
____ SplendorAmerican
45.7%
The Squid and the ____Whale
43.2%
The ____ Bell and the ButterflyDiving
42.4%
Wonder ____Boys
41.6%
____ SunsetBefore
41%
____ HoursThe
40.5%
In a Lonely ____Place
39.6%
Through a ____ DarklyGlass
38.1%
Finding ____Neverland
31.8%
____ HarryDeconstructing
17.8%
____ FoolHenry
8.3%
A ____ FormalityPure
6.4%

Today's Daily Dose

You're not logged in!

Compare scores with friends on all Sporcle quizzes.
Join for Free
OR
Log In

You Might Also Like...

Show Comments

Extras

Top Quizzes Today


Score Distribution

Your Account Isn't Verified!

In order to create a playlist on Sporcle, you need to verify the email address you used during registration. Go to your Sporcle Settings to finish the process.

Report this User

Report this user for behavior that violates our Community Guidelines.

Details: